European national parks by picture - Statistics

General Stats
  • This quiz has been taken 87 times
  • The average score is 4 of 20
Answer Stats
Picture Hint Answer % Correct
Italy Dolomiti Bellunesi
62%
Germany Schwarzwald
58%
Italy Cinque Terre
52%
England Lake District
44%
Croatia Plitvice Lakes
38%
Spain Teide
27%
Germany Saxon Switzerland
23%
Poland Tatra
22%
Slovenia Triglav
20%
Scotland Cairngorms
19%
Spain Picos de Europa
15%
Iceland Vatnajökull
15%
France Calanques
11%
Ireland Connemara
11%
Hungary Hortobágyi
9%
The Netherlands Duinen van Texel
6%
Austria Hohe Tauern
4%
Estonia Soomaa
4%
Norway Jotunheimen
3%
Finland Oulanka
3%
No matching quizzes found
Score Distribution
Percent of People with Each Score
Percentile by Number Answered
Your Score History
You have not taken this quiz